000 00403nam a2200181Ia 4500
001 15881
005 20260306170228.0
008 260306t2012||||xx |||||||||||||| ||und||
041 _aESP
082 _a620.112
_bP99 2012
100 _aPytel, Andrew
_eAUT
245 0 _aResistencia de materiales
260 _c2012
300 _a
_c
650 _aGEN
654 _aCII
942 _cLIB
_dJUS
_fJUS
_2ddc
_n
999 _c15881
_d15881